Statistiques concernant Frontières du Soudan du Sud.

Cliquez ici pour prendre le quiz!

Statistiques générales

  • Ce quiz a été pris 217 fois
  • Le résultat moyen est 5 sur 6

Statistiques - réponses

LongueurPays frontalier% Correct
1937 kmSoudan
99%
883 kmÉthiopie
94%
628 kmRep.Dem.du Congo
92%
435 kmOuganda
86%
232 kmKenya
85%
682 kmRep. Centrafricaine
74%

Distribution des résultats

Percentile par nombre de réponses

% des personnes avec chaque résultat

Votre développement - résultats

Vous n’avez pas pris ce quiz